Dead By Daylight | Match The Teachable Perk To The Survivor - Statistics

General Stats
  • This quiz has been taken 11 times
  • The average score is 83 of 135
Answer Stats
Hint Extra Hint Answer % Correct
Bardic Inspiration Aestri Yazar
88%
Botany Knowledge Claudette Morel
88%
Stake Out Detective David Tapp
88%
Streetwise Nea Karlsson
88%
Babysitter Steve Harrington
88%
Lucky Break Yui Kimura
88%
Ace In The Hole Ace Visconti
75%
Open-Handed Ace Visconti
75%
Up The Ante Ace Visconti
75%
Repressed Alliance Cheryl Mason
75%
Soul Guard Cheryl Mason
75%
Empathy Do NOT confuse this perk with Empathic Connection. Claudette Morel
75%
We're Gonna Live Forever David King
75%
Detective's Hunch Detective David Tapp
75%
Leader Dwight Fairfield
75%
Chemical Trap Ellen Ripley
75%
Light-footed Ellen Ripley
75%
Deception Élodie Rakoto
75%
Lithe Feng Min
75%
Technician Feng Min
75%
Made For This Gabriel Soma
75%
Calm Spirit Jake Park
75%
Saboteur Jake Park
75%
Boil Over Kate Denson
75%
Dance With Me Kate Denson
75%
Decisive Strike Laurie Strode
75%
Object of Obsession Laurie Strode
75%
Sole Survivor Laurie Strode
75%
Bite The Bullet Leon S. Kennnedy
75%
Rookie Spirit Leon S. Kennnedy
75%
Adrenaline Meg Thomas
75%
Sprint Burst Meg Thomas
75%
Boon: Circle of Healing Mikaela Reid
75%
Balanced Landing Nea Karlsson
75%
Urban Evasion Nea Karlsson
75%
Vigil Quentin Smith
75%
Wake Up! Quentin Smith
75%
Invocation: Treacherous Crows Taurie Cain
75%
Fogwise Vittorio Toscano
75%
Borrowed Time William "Bill" Overbeck
75%
Deliverance Adam Francis
63%
Wiretap Ada Wong
63%
Buckle Up Ashley J. Williams
63%
Flip-Flop Ashley J. Williams
63%
Mettle of Man Ashley J. Williams
63%
Blood Pact Cheryl Mason
63%
Self-Care Claudette Morel
63%
Dead Hard David King
63%
No Mither David King
63%
Tenacity Detective David Tapp
63%
Bond Dwight Fairfield
63%
Prove Thyself Dwight Fairfield
63%
Appraisal Élodie Rakoto
63%
Power Struggle Élodie Rakoto
63%
Built To Last Felix Richter
63%
Desperate Measures Felix Richter
63%
Alert Feng Min
63%
Scavenger Gabriel Soma
63%
Iron Will Jake Park
63%
Head On Jane Romero
63%
Poised Jane Romero
63%
Solidarity Jane Romero
63%
Aftercare Jeffrey Johansen
63%
Breakdown Jeffrey Johansen
63%
Distortion Jeffrey Johansen
63%
Resurgence Jill Valentine
63%
Windows of Opportunity Kate Denson
63%
Finesse Lara Croft
63%
Flashbang Leon S. Kennnedy
63%
Quick & Quiet Meg Thomas
63%
Clairvoyance Mikaela Reid
63%
Fixated Nancy Wheeler
63%
Inner Strength Nancy Wheeler
63%
Dramaturgy Nicolas Cage
63%
Plot Twist Nicolas Cage
63%
Scene Partner Nicolas Cage
63%
Pharmacy Quentin Smith
63%
Hyperfocus Rebecca Chambers
63%
Strength in Shadows Sable Ward
63%
Wicked Sable Ward
63%
Camaraderie Steve Harrington
63%
Second Wind Steve Harrington
63%
Shoulder The Burden Taurie Cain
63%
Cut Loose Thalita Lyra
63%
Teamwork: Power of Two Thalita Lyra
63%
Eyes of Belmont Trevor Belmont
63%
Left Behind William "Bill" Overbeck
63%
Unbreakable William "Bill" Overbeck
63%
Empathic Connection Do NOT confuse this perk with Empathy. Yoichi Asakawa
63%
Parental Guidance Yoichi Asakawa
63%
Any Means Necessary Yui Kimura
63%
Breakout Yui Kimura
63%
Smash Hit Yun-Jin Lee
63%
For The People Zarina Kassir
63%
Off The Record Zarina Kassir
63%
Autodidact Adam Francis
50%
Diversion Adam Francis
50%
Low Profile Ada Wong
50%
Reactive Healing Ada Wong
50%
Mirrored Illusion Aestri Yazar
50%
Still Sight Aestri Yazar
50%
Boon: Illumination Alan Wake
50%
Champion of Light Alan Wake
50%
Deadline Alan Wake
50%
Lucky Star Ellen Ripley
50%
Visionary Felix Richter
50%
Troubleshooter Gabriel Soma
50%
Overzealous Haddie Kaur
50%
Residual Manifest Haddie Kaur
50%
Blast Mine Jill Valentine
50%
Counterforce Jill Valentine
50%
Boon: Exponential Jonah Vasquez
50%
Corrective Action Jonah Vasquez
50%
Hardened Lara Croft
50%
Specialist Lara Croft
50%
Boon: Shadow Step Mikaela Reid
50%
Reassurance Rebecca Chambers
50%
Invocation: Weaving Spiders Sable Ward
50%
Exultation Trevor Belmont
50%
Potential Energy Vittorio Toscano
50%
Boon: Dark Theory Yoichi Asakawa
50%
Self-Preservation Yun-Jin Lee
50%
Inner Focus Haddie Kaur
38%
Overcome Jonah Vasquez
38%
Better Together Nancy Wheeler
38%
Better Than New Rebecca Chambers
38%
Blood Rush Renato Lyra
38%
Teamwork: Collective Stealth Renato Lyra
38%
Clean Break Taurie Cain
38%
Friendly Competition Thalita Lyra
38%
Moment of Glory Trevor Belmont
38%
Quick Gambit Vittorio Toscano
38%
Fast Track Yun-Jin Lee
38%
Red Herring Zarina Kassir
38%
Background Player Renato Lyra
25%
No matching quizzes found
Score Distribution
Percent of People with Each Score
Percentile by Number Answered
Your Score History
You have not taken this quiz